[Event "AUTO-INT-2659"]
[Site "http://www.queenalice.com/game.php?id=1191193"]
[Date "2013.6.15"]
[Round "1"]
[White "Mikalus"]
[Black "Alanvini"]
[Result "1-0"]
[WhiteElo "1759"]
[BlackElo "1499"]

1. e4 e5 2. Nf3 Nc6 3. Bc4 Nh6 4. d4 f6 5. dxe5 fxe5 6. Ng5 Na5 7. Bf7+ Nxf7 8.
Nxf7 Kxf7 9. Qd5+ Kf6 10. Qxa5 Ke6 11. Nc3 Kf7 12. Qd5+ Ke8 13. Qxe5+ Be7 14.
Nd5 d6 15. Qxg7 Rf8 16. O-O Rf7 17. Qh6 c6 18. Nxe7 Qxe7 19. Re1 Qe6 20. Qh5 Qg6
21. Qh4 Qg4 22. Qxg4 Bxg4 23. f3 Be6 24. Bg5 Rg7 25. Bh4 h5 26. Rad1 Rd7 27. b3
c5 28. c4 a5 29. Rd2 Kf7 30. Red1 a4 31. bxa4 Rxa4 32. Rxd6 Rxd6 33. Rxd6 Bxc4
34. Rd7+ Ke6 35. Rxb7 Rxa2 36. Bg3 Ba6 37. Rb6+ Kd7 38. Rh6 Be2 39. Rxh5 c4 40.
h3 c3 41. Rc5 c2 42. Bf4 Bd3 43. Kh2 1-0

[Event "Challenge"]
[Site "http://www.queenalice.com/game.php?id=1191264"]
[Date "2013.6.15"]
[Round "-"]
[White "Alanvini"]
[Black "paolop69"]
[Result "0-1"]
[WhiteElo "1528"]
[BlackElo "1554"]

1. e4 e5 2. Nf3 d6 3. d4 Nd7 4. Bc4 h6 5. d5 a6 6. Nc3 Nb6 7. Bb3 Bd7 8. h3 Be7
9. O-O Bb5 10. Nxb5 axb5 11. Nd4 g6 12. Nxb5 Na4 13. Nc3 Nxc3 14. bxc3 Nf6 15.
Re1 Nh5 16. Bc4 Bh4 17. Bb5+ Kf8 18. Be2 Bg5 19. Bxh5 gxh5 20. Bb2 h4 21. c4 Ra4
22. c5 Rb4 23. Bc3 Rc4 24. Bb2 Rxc5 25. Ba3 Rc3 26. Bb2 Rc4 27. Qe2 b5 28. a4
Rxa4 29. Rxa4 bxa4 30. Ba3 Rg8 31. Qh5 Qf6 32. f3 Qg6 33. Qxg6 fxg6 34. c4 Ke7
35. Rb1 Be3+ 36. Kf1 Kd7 37. Ke2 Bd4 38. Kf1 Bb6 39. Rb4 Ra8 40. g4 hxg3 41. Kg2
Bc5 42. Rb5 Bxa3 43. Kxg3 Bc1 44. Rb1 Bf4+ 45. Kg2 a3 46. Ra1 a2 47. h4 Bd2 48.
Kg3 Bc3 49. Rxa2 Rxa2 50. Kg4 Ra1 51. h5 Rg1+ 0-1

[Event "OS INCLIVEIS"]
[Site "http://www.queenalice.com/game.php?id=1191268"]
[Date "2013.6.15"]
[Round "-"]
[White "adelio"]
[Black "Alanvini"]
[Result "1-0"]
[WhiteElo "1756"]
[BlackElo "1467"]

1. d4 d5 2. e4 e6 3. e5 c5 4. c4 cxd4 5. Qxd4 dxc4 6. Qxd8+ Kxd8 7. Bg5+ Be7 8.
Bxe7+ Nxe7 9. Bxc4 Nbc6 10. Nf3 Nb4 11. Na3 Kc7 12. Rc1 Kd7 13. O-O Ned5 14.
Rfd1 Rd8 15. Ng5 Ke7 16. Nxh7 Nf4 17. Rxd8 Kxd8 18. Ng5 Ke7 19. g3 Nfd5 20. Nc2
Nxc2 21. Rxc2 Bd7 22. Re2 b5 23. Bb3 Rc8 24. f4 Rc1+ 25. Kf2 Bc6 26. f5 exf5 27.
e6 f6 28. Nf3 f4 29. g4 Ne3 30. Ne1 Nd1+ 31. Bxd1 Rxd1 32. Nf3 b4 33. g5 Ra1 34.
b3 a5 35. Nd4 Bd5 36. Nf5+ Ke8 37. Nxg7+ Ke7 38. Nf5+ Ke8 39. e7 Bc6 40. gxf6
Rh1 41. Nd6+ Kd7 42. e8=Q+ 1-0

[Event "Challenge"]
[Site "http://www.queenalice.com/game.php?id=1192231"]
[Date "2013.6.19"]
[Round "-"]
[White "vizela"]
[Black "Alanvini"]
[Result "1-0"]
[WhiteElo "1559"]
[BlackElo "1521"]

1. e4 e5 2. Nf3 Nc6 3. Bb5 Nd4 4. Nxe5 Nxb5 5. Qf3 Nh6 6. d3 Nd4 7. Qd1 d5 8.
Bxh6 gxh6 9. c3 Nc6 10. Qh5 Be6 11. O-O Nxe5 12. Qxe5 Rg8 13. f4 Bd6 14. Qh5
dxe4 15. dxe4 Bc4 16. Rd1 Qe7 17. e5 Bc5+ 18. Kh1 Rd8 19. Nd2 Bd5 20. Nf3 Bxf3
21. Qxf3 Qh4 22. g3 Qh3 23. Rxd8+ Kxd8 24. Qd5+ Bd6 25. Rg1 Qe6 26. Qxe6 fxe6
27. exd6 cxd6 28. Rd1 Kd7 29. c4 b6 30. b4 Rc8 31. Rc1 h5 32. a4 h4 33. g4 h6
34. Kg2 Rf8 35. Kh3 Rxf4 36. Kxh4 Ke7 37. Kh5 Kf7 38. g5 hxg5 39. Kxg5 Rf5+ 40.
Kg4 Rf2 41. Kg3 Rb2 42. c5 dxc5 43. bxc5 bxc5 44. Rxc5 Ra2 45. Rc7+ Kf6 46. Rxa7
Ke5 47. h4 Kf6 48. a5 Kg6 49. Ra6 Kh5 50. Ra8 Ra3+ 51. Kf4 Kxh4 52. Rh8# 1-0

[Event "Challenge"]
[Site "http://www.queenalice.com/game.php?id=1193953"]
[Date "2013.6.25"]
[Round "-"]
[White "kpablanca197"]
[Black "Alanvini"]
[Result "1-0"]
[WhiteElo "1834"]
[BlackElo "1521"]

1. e4 e5 2. Nf3 Nc6 3. Bb5 Nd4 4. Nc3 Nxb5 5. Nxb5 d5 6. exd5 e4 7. Qe2 Nf6 8.
d3 a6 9. Nc3 Nxd5 10. Qxe4+ Ne7 11. O-O Bf5 12. Qe3 Be6 13. Re1 Nd5 14. Nxd5
Qxd5 15. Nd4 Bc5 16. c3 O-O 17. Qf4 Rae8 18. Nxe6 fxe6 19. Qg4 Qf5 20. Qxf5 Rxf5
21. d4 Bb6 22. Be3 Rb5 23. b4 Rf5 24. a4 a5 25. b5 Kf7 26. h3 e5 27. Rac1 e4 28.
c4 c5 29. d5 Ke7 30. Rc3 Kd7 31. Bd2 Rfe5 32. Rg3 g6 33. Rg4 Bc7 34. Rf4 R8e7
35. Rf6 b6 36. Bh6 Bd6 37. Bf8 Rf5 38. Rxd6+ Kxd6 39. Bxe7+ Kxe7 40. Rxe4+ Kd6
41. Re6+ Kc7 42. g3 g5 43. Re7+ Kd6 44. Rxh7 Re5 45. Rb7 Re4 46. Rxb6+ Kd7 47.
Rc6 Rxc4 48. Kg2 Rxa4 49. Rxc5 Kd6 50. Rc6+ Kxd5 51. Rc8 Rb4 52. Rb8 a4 53. b6
Kc6 54. Kf1 Rxb6 55. Ra8 Rb4 56. Ke1 Kb7 57. Ra5 Kb6 58. Ra8 Kb5 59. Kd1 Kc4 60.
Kc2 Kd4 61. f3 Ke3 62. Kc3 Rd4 63. Re8+ 1-0

[Event "Challenge"]
[Site "http://www.queenalice.com/game.php?id=1194419"]
[Date "2013.6.26"]
[Round "-"]
[White "Rogerio11"]
[Black "Alanvini"]
[Result "0-1"]
[WhiteElo "1421"]
[BlackElo "1469"]

1. e4 e5 2. Bc4 Nf6 3. a4 d5 4. exd5 Nxd5 5. b3 Nb4 6. Ra3 Nd5 7. Nc3 Nf4 8. d3
Nxg2+ 9. Kf1 Bxa3 10. Kxg2 Bxc1 11. Qxc1 b5 12. Bxb5+ Kf8 13. Qe1 Bb7+ 14. f3
Qe7 15. d4 exd4 16. Ne4 Nc6 17. Ne2 Rd8 18. Nc5 Qg5+ 19. Ng3 Qxc5 20. Qc1 d3 21.
cxd3 Qxc1 22. Rxc1 Nd4 23. Rxc7 Nxb5 24. Rxb7 Nd4 25. Rxa7 Nxb3 26. Nf5 g6 27.
d4 gxf5 28. a5 Rxd4 29. a6 Nc5 30. Ra8+ Kg7 31. Ra7 Rg8 32. h4 Kf6+ 33. Kh3 Rd3
34. Kh2 Rxf3 35. h5 Rf2+ 36. Kh3 Rf1 37. Kh4 Rh1# 0-1

[Event "Challenge"]
[Site "http://www.queenalice.com/game.php?id=1195075"]
[Date "2013.6.28"]
[Round "-"]
[White "eloy"]
[Black "Alanvini"]
[Result "1-0"]
[WhiteElo "1707"]
[BlackElo "1493"]

1. e4 e5 2. Nf3 Nf6 3. Nc3 d6 4. Bc4 h6 5. d4 Bg4 6. Nd5 Nxd5 7. Bxd5 a6 8. Bxb7
Ra7 9. Bd5 Qd7 10. dxe5 dxe5 11. Be3 c6 12. Bxa7 Qxa7 13. Bc4 Bc5 14. O-O O-O
15. h3 Bh5 16. Qd3 Qd7 17. Nxe5 Qxd3 18. cxd3 Re8 19. g4 Rxe5 20. gxh5 Rxh5 21.
Kh2 a5 22. a4 Bd6+ 23. f4 Kh8 24. Bxf7 Rh4 25. e5 Bb4 26. Rac1 g5 27. f5 Kg7 28.
e6 Kf6 29. d4 Rxd4 30. Rcd1 Re4 31. Rf2 Be1 32. Rf1 Re2+ 33. Kh1 Bg3 34. Bg6 c5
35. b3 Nc6 36. Rd7 Nd4 37. Rf7+ Ke5 38. e7 Ke4 39. e8=Q+ Kd3 40. Rd1+ Kc2 41.
Qxe2+ Nxe2 42. Rd5 Bf2 43. f6+ Kxb3 44. Re7 Nf4 45. Rb7+ Kxa4 46. Bc2+ Ka3 47.
f7 Ne6 48. Rd3+ Ka2 49. Bb3+ Ka1 50. Bxe6 1-0

[Event "Challenge"]
[Site "http://www.queenalice.com/game.php?id=1195076"]
[Date "2013.6.28"]
[Round "-"]
[White "Alanvini"]
[Black "eloy"]
[Result "0-1"]
[WhiteElo "1507"]
[BlackElo "1711"]

1. e4 e5 2. d4 Bd6 3. d5 Nf6 4. Nc3 O-O 5. Bg5 Be7 6. Nf3 d6 7. Bd3 h6 8. Bh4 c6
9. Qe2 Bg4 10. O-O cxd5 11. exd5 Nh5 12. Bxe7 Qxe7 13. Qe4 f5 14. Qb4 Na6 15.
Qa4 Nc5 16. Qb5 e4 17. h3 Bxf3 18. Be2 Bxg2 19. Kxg2 Qg5+ 20. Kh1 Nf4 21. Rg1
Qh4 22. Bf1 Nxh3 23. Rg3 Nf4+ 24. Bh3 Nxh3 25. Qf1 Nxf2+ 26. Kg2 f4 27. Qxf2
fxg3 28. Qxg3 Qxg3+ 29. Kxg3 Rf3+ 30. Kg2 Raf8 31. Ne2 Rf2+ 32. Kg1 Rxe2 33. Rf1
Rxc2 34. b4 Nd3 35. b5 e3 36. b6 axb6 0-1

[Event "Challenge"]
[Site "http://www.queenalice.com/game.php?id=1196283"]
[Date "2013.7.2"]
[Round "-"]
[White "Nefelibatas"]
[Black "Alanvini"]
[Result "1-0"]
[WhiteElo "1450"]
[BlackElo "1486"]

1. e4 e5 2. Nf3 Nc6 3. d4 Nxd4 4. Nxd4 exd4 5. Qxd4 d5 6. exd5 Nf6 7. c4 c5 8.
Qe3+ Qe7 9. Bd3 Qxe3+ 10. Bxe3 Ng4 11. Bf4 g6 12. Nc3 Bf5 13. Bxf5 gxf5 14. O-O
O-O-O 15. h3 Nf6 16. Be5 Bg7 17. Na4 Rhe8 18. Bc3 b6 19. b3 Rg8 20. f3 Rde8 21.
Nb2 Nh5 22. Bxg7 Rxg7 23. g4 fxg4 24. fxg4 Ng3 25. Rfe1 Ne2+ 26. Kf1 Ng3+ 27.
Kg2 Re2+ 28. Rxe2 Nxe2 29. Nd3 Nc3 30. a3 h5 31. Kg3 hxg4 32. hxg4 f5 33. Re1
Rxg4+ 34. Kf3 Rd4 35. Ne5 Rd3+ 36. Re3 Rxe3+ 37. Kxe3 Kc7 38. Nd3 a5 39. a4 Kd7
40. Kf4 Ne2+ 41. Kxf5 Nd4+ 42. Ke5 Nxb3 43. d6 Nd2 44. Nb2 Nf3+ 45. Ke4 Nd4 46.
Nd3 Kxd6 47. Nb2 Kc6 48. Ke5 b5 49. cxb5+ Kb6 50. Kd5 Nb3 51. Nd3 Kc7 52. Nxc5
Nxc5 53. Kxc5 Kb7 54. Kc4 Kc7 55. Kc5 Kb7 56. Kd6 Kb6 57. Kd7 Kb7 58. Kd6 Kb6
59. Kd5 Kb7 60. Kc5 Ka7 61. Kc6 Kb8 62. Kb6 Ka8 63. Ka6 Kb8 64. Kxa5 Ka7 65. b6+
Kb7 66. Kb5 Ka8 67. Ka6 Kb8 68. b7 1-0

[Event "Challenge"]
[Site "http://www.queenalice.com/game.php?id=1331280"]
[Date "2014.12.28"]
[Round "-"]
[White "Alanvini"]
[Black "fenix40rj"]
[Result "1-0"]
[WhiteElo "1483"]
[BlackElo "1299"]

1. e4 Nf6 2. Nc3 e5 3. Bc4 Bc5 4. d3 c6 5. Na4 d6 6. h3 d5 7. Nxc5 Qa5+ 8. Bd2
Qxc5 9. exd5 cxd5 10. Bb3 Nc6 11. Nf3 Nb4 12. Bxb4 Qb6 13. Qd2 e4 14. dxe4 Nxe4
15. Ba4+ Bd7 16. Bxd7+ Kxd7 17. Qxd5+ Nd6 18. Ne5+ Kc7 19. Bxd6+ Qxd6 20. Qxd6+
Kxd6 21. Nxf7+ 1-0

[Event "Challenge"]
[Site "http://www.queenalice.com/game.php?id=1332445"]
[Date "2015.1.3"]
[Round "-"]
[White "Danimunte"]
[Black "Alanvini"]
[Result "0-1"]
[WhiteElo "1507"]
[BlackElo "1492"]

1. d4 d5 2. c4 e6 3. Nf3 c5 4. e3 Nc6 5. Be2 Nf6 6. O-O Bd6 7. Nc3 Ng4 8. h3 Nf6
9. a3 Ne4 10. Nxe4 dxe4 11. Nd2 cxd4 12. Nxe4 e5 13. Nxd6+ Qxd6 14. e4 Qg6 15.
Bf3 Bxh3 16. Kh2 Be6 17. Re1 O-O-O 18. b3 d3 19. Re3 Nd4 20. Bh5 Qg5 21. Rg3 Qe7
22. Rxd3 g6 23. Bg4 Bxg4 24. Qxg4+ Qe6 25. Qd1 Qb6 26. Rb1 a5 27. Be3 Kb8 28.
Qg4 f5 29. Qh4 f4 30. Bd2 Nc2 31. Rxd8+ Qxd8 32. Qxd8+ Rxd8 33. Bxa5 Rd3 34. a4
Ka7 35. Bc7 Na3 36. Rb2 g5 37. Bxe5 f3 38. c5 g4 39. Ra2 Rxb3 40. Ra1 Nc4 41.
Bc7 h5 42. Bd8 Ka6 43. Bc7 Rb2 44. Bg3 Nd2 45. e5 Ne4 46. e6 Re2 47. e7 Nxg3 48.
Ra2 Rxe7 49. Kxg3 fxg2 50. Kxg2 h4 51. Ra1 Rg7 52. Rc1 g3 53. f3 Ka5 54. c6 bxc6
55. Rxc6 Rh7 56. Rc1 Kxa4 57. Rh1 Kb3 58. f4 Kc4 59. Kf3 Kd5 60. Kg4 g2 61. Re1
h3 62. Kg3 Kd4 63. Kh2 Kd3 64. f5 Kd2 65. Re8 Rg7 66. Re7 g1=Q+ 67. Kxh3 Qh1#
0-1

[Event "Challenge"]
[Site "http://www.queenalice.com/game.php?id=1335368"]
[Date "2015.1.17"]
[Round "-"]
[White "eloy"]
[Black "Alanvini"]
[Result "1-0"]
[WhiteElo "1714"]
[BlackElo "1509"]

1. e4 e5 2. Nf3 Qe7 3. Bc4 Nf6 4. Ng5 Nxe4 5. Nxe4 Nc6 6. d3 d6 7. Nbc3 Bf5 8.
Ng5 h6 9. Nxf7 Rh7 10. Bxh6 gxh6 11. Qh5 Qf6 12. Nxd6+ Kd7 13. Nxf5 Qg5 14. Qh3
Nd4 15. Nxd4+ Kd6 16. Qe6+ Kc5 17. Qd5+ 1-0

[Event "Challenge"]
[Site "http://www.queenalice.com/game.php?id=1340457"]
[Date "2015.2.10"]
[Round "-"]
[White "tucuman"]
[Black "Alanvini"]
[Result "1-0"]
[WhiteElo "1671"]
[BlackElo "1482"]

1. c3 d5 2. d4 Nf6 3. h3 e6 4. Nf3 Nc6 5. Bg5 Be7 6. Bxf6 Bxf6 7. g3 e5 8. dxe5
Nxe5 9. Nxe5 Bxe5 10. Bg2 c6 11. O-O O-O 12. Nd2 c5 13. Nf3 Bf6 14. e3 Bf5 15.
Nh2 Qd7 16. g4 Be6 17. a3 c4 18. Nf3 Qb5 19. Rb1 1-0

[Event "Challenge"]
[Site "http://www.queenalice.com/game.php?id=1583097"]
[Date "2019.9.11"]
[Round "-"]
[White "eloy"]
[Black "Alanvini"]
[Result "0-1"]
[WhiteElo "1825"]
[BlackElo "1543"]

1. e4 c5 2. Bc4 d6 3. Nf3 h6 4. Nc3 Nc6 5. O-O Bg4 6. h3 Bh5 7. Qe2 a6 8. Nd5 e6
9. Nf4 Nf6 10. Nxh5 Nxh5 11. e5 Nxe5 12. Nxe5 dxe5 13. Qxe5 Qd4 14. Qxd4 cxd4
15. d3 Bd6 16. Re1 O-O 17. Bd2 b5 18. Bb3 a5 19. a4 b4 20. c3 Nf4 21. Bxf4 Bxf4
22. cxd4 Rad8 23. Re4 Bg5 24. Rc1 Bxc1 25. Re5 Bxb2 26. Rxa5 Rxd4 27. Bc4 Bc3
28. Rb5 Ra8 29. a5 b3 30. Rxb3 Bxa5 31. f3 Bc7 32. Kf1 Rb8 33. Ke2 Rxb3 34. Bxb3
Rb4 35. Bc4 Bf4 36. Kf1 Rb2 37. Ba6 Kf8 38. d4 Ke7 39. Be2 Bg3 40. Bd3 Rd2 41.
Be2 Kd6 0-1

[Event "Challenge"]
[Site "http://www.queenalice.com/game.php?id=1584252"]
[Date "2019.9.22"]
[Round "-"]
[White "obobo"]
[Black "Alanvini"]
[Result "0-1"]
[WhiteElo "1434"]
[BlackElo "1511"]

1. e3 e5 2. Nf3 Nc6 3. Bc4 d5 4. Bb3 Bf5 5. d4 e4 6. Nh4 Qxh4 7. Bxd5 Nf6 8. Bc4
Bg4 9. Be2 Bb4+ 10. Bd2 O-O 11. Bxg4 Bxd2+ 12. Nxd2 Nxg4 13. Qe2 f5 14. Nf1 Nb4
15. Qc4+ Kh8 16. Qxb4 Qxf2+ 17. Kd1 Qxg2 18. Qe1 Qxh1 19. Ng3 Nf2+ 20. Ke2 Qxe1+
21. Kxe1 Ng4 22. h3 Nxe3 23. Ke2 Nxc2 24. Rd1 Rad8 25. Rd2 Nxd4+ 26. Ke3 f4+ 27.
Kxe4 fxg3 28. Rg2 Rf2 0-1

[Event "Challenge"]
[Site "http://www.queenalice.com/game.php?id=1584253"]
[Date "2019.9.22"]
[Round "-"]
[White "Alanvini"]
[Black "obobo"]
[Result "1-0"]
[WhiteElo "1533"]
[BlackElo "1381"]

1. d4 Nf6 2. c4 d5 3. c5 Nc6 4. Nf3 Bf5 5. Bf4 e6 6. Nc3 b6 7. e3 Ne4 8. Nxe4
dxe4 9. Ne5 Nxe5 10. Bxe5 f6 11. Bb5+ Kf7 12. Bf4 e5 13. dxe5 Qxd1+ 14. Rxd1
Bxc5 15. O-O g5 16. Bc4+ Be6 17. Rd7+ Kg6 18. Bxe6 Rhf8 19. Bg3 Rae8 20. Bc4 Bd6
21. exd6 cxd6 22. Rxd6 Rc8 23. b3 Rb8 24. Re6 Rbd8 25. a4 Rd7 26. Rxe4 Rfd8 27.
Rd4 Rxd4 28. exd4 Rxd4 29. Bb8 Rd7 30. Re1 Rd8 31. Bxa7 Rd6 32. g4 h5 33. Re6
Rxe6 34. Bxe6 hxg4 35. Bxg4 f5 36. Bxb6 fxg4 37. a5 1-0

[Event "Challenge"]
[Site "http://www.queenalice.com/game.php?id=1592684"]
[Date "2019.12.11"]
[Round "-"]
[White "eloy"]
[Black "Alanvini"]
[Result "0-1"]
[WhiteElo "1738"]
[BlackElo "1596"]

1. e4 c5 2. Bc4 Nc6 3. Nf3 e6 4. c3 Nf6 5. d3 Bd6 6. Bg5 O-O 7. Nbd2 Ne5 8. O-O
Qb6 9. b3 Nxc4 10. Nxc4 Qa6 11. e5 Ne8 12. exd6 Nxd6 13. Be7 Re8 14. Bxd6 b5 15.
Bxc5 bxc4 16. d4 d6 17. Bb4 cxb3 18. Qxb3 Rb8 19. h3 Bd7 20. a4 Qb7 21. Qd1 d5
22. Ne5 Rec8 23. Nxd7 Qxd7 24. a5 a6 25. Qd3 Rb5 26. Bc5 e5 27. Rfe1 exd4 28.
Qxd4 Rbxc5 29. Rec1 h6 30. Qg4 Qxg4 31. hxg4 Rxc3 32. Rxc3 Rxc3 33. Kf1 Kf8 34.
Ke2 Ke7 35. Kd2 d4 36. Ra4 Rc5 37. Kd3 Rd5 38. f4 f6 39. Ke4 Kd6 40. Kd3 g6 41.
Rxd4 Rxd4+ 42. Kxd4 f5 43. gxf5 gxf5 44. Kc4 h5 45. g3 Kc6 46. Kb4 Kd5 47. Ka4
Ke4 48. Kb4 Kf3 49. Kc5 Kxg3 50. Kb6 h4 51. Kxa6 h3 52. Kb6 h2 53. a6 h1=Q 54.
a7 Kxf4 55. Kc7 Qa8 56. Kb6 Qxa7+ 0-1

[Event "Challenge"]
[Site "http://www.queenalice.com/game.php?id=1592685"]
[Date "2019.12.11"]
[Round "-"]
[White "Alanvini"]
[Black "eloy"]
[Result "1-0"]
[WhiteElo "1570"]
[BlackElo "1823"]

1. e4 e5 2. Nf3 Nc6 3. Bb5 d6 4. O-O h6 5. d4 Bd7 6. Nc3 a6 7. Ba4 Be7 8. Nd5
Nf6 9. Nxe7 Qxe7 10. Re1 O-O 11. d5 Na7 12. Bxd7 Qxd7 13. c4 b5 14. b3 c6 15.
Nh4 bxc4 16. bxc4 Rab8 17. Nf5 cxd5 18. Nxh6+ gxh6 19. Bxh6 Rfc8 20. Qf3 dxe4
21. Qxf6 Qg4 22. Re3 Kh7 23. Rg3 Rg8 24. Rxg4 Rxg4 25. Qf5+ Rg6 26. Qh5 Rbg8 27.
Be3+ Kg7 28. Bxa7 Rxg2+ 29. Kxg2 1-0